LEADER 01132naa a2200229 u 4500 001 000000096450 003 CaOOAMICUS 005 20070226130146.0 008 041013s1993 gw u000 u ger u 020 $a3777293210 035 $a11011430 040 $aIAR$bita 100 1 $aFelten, Franz J.$0(OLS)http://pul/name/1544 245 10$aKonzilsakten als Quellen für die Gesellschaftsgeschichte des 9. Jahrhunderts /$cFranz J. Felten. 260 $aStuttart :$bHiersemann,$c1993. 300 $aS. 177-202 ;$c25 cm 773 0 $aHerrschaft, Kirche, Kultur : Beoträge zur Geschichte des Mittelalters - Festschrift für Friedrich Prinz zu seinem 65. Geburtstag. 773 0 $tMonographien zur Geschichte des Mittelalters$gBd. 37 773 0 $tHerrschaft, Kirche, Kultur : Beiträge zur Geschichte des Mittelalters : Festschrift für Friedrich Prinz zu seinem 65. Geburtstag$w()17106 996 $6020$a3777293210$9(OLS)http://pul/number/21996 996 $6245$aKonzilsakten als Quellen für die Gesellschaftsgeschichte des 9. Jahrhunderts$9(OLS)http://pul/title/123326 996 $6260$aStuttart :$bHiersemann$9(OLS)http://pul/publisher/55243 LEADER 00832naa a2200205 u 4500 001 000000103389 003 CaOOAMICUS 005 20070226130215.0 008 061115s1978 it u000 u ita u 035 $a11106932 040 $aIAR$bita 100 1 $aVanni Rovighi, Sofia,$d1908-1990.$0(OLS)http://pul/name/5652 245 10$aPerenne validità delle "cinque vie" di san Tommaso /$cSofia Vanni Rovighi. 260 $aMilano :$bVita e pensiero,$c1978. 300 $av.2, p. 88-106 ;$c22 cm 500 $aIAR: CCI.222 773 0 $aStudi di filosofia medioevale (Vanni Rovighi, Sofia) 773 0 $aVanni Rovighi, Sofia.$tStudi di filosofia medioevale$g19-20.$w()12175 996 $6245$aPerenne validità delle "cinque vie" di san Tommaso$9(OLS)http://pul/title/130294 996 $6260$aMilano :$bVita e pensiero$9(OLS)http://pul/publisher/48016